Postilla totai esti triumpas ir prastas Ischguldimas Evangelium (Запись № 10207183)

Подробности
000 -МАРКЕР
контрольное поле 00940nam0a22003011 4500
001 - ИДЕНТИФИКАТОР ЗАПИСИ
контрольное поле RU\NLR\A2V16\6038
005 - ИДЕНТИФИКАТОР ВЕРСИИ
контрольное поле 20251203171251.9
035 ## - ДРУГИЕ СИСТЕМНЫЕ НОМЕРА
Идентификатор записи (NLR Aleph) 009809097
100 ## - ДАННЫЕ ОБЩЕЙ ОБРАБОТКИ
Данные общей обработки 19980715d1521 u y0rusy50 ca
101 0# - ЯЗЫК РЕСУРСА
Язык текста, звукозаписи и т.д. литовский
102 ## - СТРАНА ПУБЛИКАЦИИ ИЛИ ПРОИЗВОДСТВА
Страна публикации российская федерация
200 1# - ЗАГЛАВИЕ И СВЕДЕНИЯ ОБ ОТВЕТСТВЕННОСТИ
Основное заглавие Postilla totai esti triumpas ir prastas Ischguldimas Evangelium
210 ## - ПУБЛИКАЦИЯ, РАСПРОСТРАНЕНИЕ И ДР.
Место издания, распространения и т.д. Isspaude Karaliaucziuie [Kaliningrad]
Дата издания, распространения и т.д. 1521
215 ## - ФИЗИЧЕСКАЯ ХАРАКТЕРИСТИКА
Размеры
321 1# - ПРИМЕЧАНИЯ ОБ ОТДЕЛЬНО ИЗДАННЫХ УКАЗАТЕЛЯХ / РЕФЕРАТАХ / ССЫЛКАХ, ОТРАЖАЮЩИХ КАТАЛОГИЗИРУЕМЫЙ ДОКУМЕНТ
Примечания об указателях, рефератах, ссылках IA
605 ## - ЗАГЛАВИЕ КАК ПРЕДМЕТ
Начальный элемент ввода Biblia
Наименование части N.T.
-- Evangelia
620 ## - МЕСТО И ДАТА ПУБЛИКАЦИИ, ИСПОЛНЕНИЯ И Т. Д.
Город Kaliningrad
700 #1 - ИМЯ ЛИЦА - ПЕРВИЧНАЯ ОТВЕТСТВЕННОСТЬ
Связь между полями z01790
Начальный элемент ввода Bretke
Часть имени, кроме начального элемента ввода J.
Даты 1536-1602
Расширение инициалов личного имени Johannes
Код отношения Автор
702 #1 - ИМЯ ЛИЦА - ВТОРИЧНАЯ ОТВЕТСТВЕННОСТЬ
Начальный элемент ввода Osterberger
Часть имени, кроме начального элемента ввода J.
Расширение инициалов личного имени Jurgis
Код отношения Печатник (типограф)
790 #1 - ИМЯ ЛИЦА - АЛЬТЕРНАТИВНАЯ ФОРМА
Связь между полями z01700
Начальный элемент ввода Bretkun
Расширение инициалов личного имени Jan
Код отношения Автор
801 #0 - ИСТОЧНИК ЗАПИСИ
Страна российская федерация
Организация NLR
Дата составления 19980715
852 ## - МЕСТОНАХОЖДЕНИЕ И ШИФР ХРАНЕНИЯ
Идентификатор организации NLR
Шифр хранения (Call Number) 15.51.7.41
942 ## - ДОПОЛНИТЕЛЬНЫЕ ЭЛЕМЕНТЫ ЗАПИСИ (АБИС)
Тип экземпляра АБИС Книга
980 ## - КОЛЛЕКЦИЯ
Название коллекции Национальная библиография
980 ## - КОЛЛЕКЦИЯ
Название коллекции Книги XVI века на европейских языках

Нет доступных экземпляров.